African development and Europe : report of a seminar of the international student movement fro the United Nations, Campbridge, March 1966
Αποθηκεύτηκε σε:
| Άλλοι συγγραφείς: | , |
|---|---|
| Μορφή: | Βιβλίο |
| Γλώσσα: | English |
| Δημοσίευση: |
Oxfoprd :
Pergamon Press,
1970.
|
| Θέματα: | |
| Ετικέτες: |
Προσθήκη ετικέτας
Δεν υπάρχουν, Καταχωρήστε ετικέτα πρώτοι!
|
MARC
| LEADER | 00000cam a2200000 a 4500 | ||
|---|---|---|---|
| 001 | 1/113802 | ||
| 008 | 170508s1970####enk| ||| |||| ||eng|| | ||
| 040 | |a GR-MyUa |b gre |c GR-MyUa |e AACR2 | ||
| 041 | 0 | |a eng | |
| 082 | 7 | |a 338.96 |2 (23) | |
| 245 | 1 | 0 | |a African development and Europe : |b report of a seminar of the international student movement fro the United Nations, Campbridge, March 1966 / |c edited by Peter Tregear and John Burley. |
| 260 | |a Oxfoprd : |b Pergamon Press, |c 1970. | ||
| 300 | |a xv, 170 σ. ; |c 21 εκ. | ||
| 651 | 0 | |a Africa |x Economic conditions |y 1960- | |
| 651 | 4 | |a Africa |x Foreign economic relations. | |
| 700 | 1 | |a Tregear, Peter, |e edt | |
| 700 | 1 | |a Burley, John, |e edt | |
| 852 | |a INST |b LESVOS |e 20170508 |h 338.96 TRE |p 005100059131 |q 005100059131 |t BK |y 0 | ||
| 970 | |a Τζαφέρη |b Ευαγγελία |z 08-05-2017 | ||